000 00863nam a22002417a 4500
001 BRCA_9388
003 FranzMayer
005 20230918124459.0
008 230901b |||||||| |||| 00| 0 eng d
020 _a0812097726
040 _aMFM
_bESPAÑOL
_cMFM
050 0 _aNK1452
_bH38 1996
100 1 _4Autor
_aHauffe, Thomas
_929472
240 _aDesign
_hAn illustrated historical overview
_lInglés
245 0 _aDesign
_bAn illustrated historical overview
260 _aItalia
_bBarrons
_c1996
300 _a192 p
_bIlustraciones a color
_c20 cm
500 _aAnexo 1
500 _aIncluye una dedicatoria en la primer página
505 _aTexto en: inglésIncluye índice temáticoIncluye bibliografíaDirigido a: artistas, historiadores del arte y diseñadores
650 1 _2Artes visuales
_aDiseño
_vHistoria del diseño
_929473
942 _2lcc
_cB
999 _c11010
_d11010